| 000 | 00383nam a2200157Ia 4500 | ||
|---|---|---|---|
| 008 | 221030s9999 xx 000 0 und d | ||
| 020 | _a9380016603 | ||
| 041 | _aEnglish | ||
| 100 | _aM. C. Trivedi | ||
| 245 | 0 |
_aClient / Server Computing _cby M. C. Trivedi |
|
| 250 | _a2nd | ||
| 260 |
_bKhanna Book Pub. _aDelhi _c2014 |
||
| 300 | _a258 | ||
| 650 | _aBE Computer | ||
| 942 | _cBK | ||
| 999 |
_c18277 _d18277 |
||